| 000 | 00508nam a22001697a 4500 | ||
|---|---|---|---|
| 005 | 20251108171020.0 | ||
| 008 | 250721s9999 xx 000 0 ara d | ||
| 082 | 1 | 4 | _a370.9/محم |
| 100 | 1 | _aسلطان، محمود السيد | |
| 245 | 1 | 0 | _aسيرة السيد الفكر التربوي عبر التاريخ / |
| 264 | 1 |
_aجده : _bدار الشروق، _c[19-]. |
|
| 300 | _a421ص | ||
| 650 | 1 | 7 | _aالتربية والتعليم |
| 650 | 1 | 7 | _aالتاريخ |
| 942 |
_2ddc _cBK |
||
| 999 |
_c54442 _d54442 |
||